[Event "GER-chT U16 Girls"]
[Site "Magdeburg"]
[Date "2023.12.29"]
[Round "6.3"]
[White "Modali, Nikhilamrutha"]
[Black "Mueller, Cosima"]
[Result "0-1"]
[WhiteElo "1281"]
[BlackElo "1462"]
[PlyCount "52"]
[EventDate "2023.12.26"]
[EventType "team-swiss"]
[EventRounds "7"]
[EventCountry "GER"]
[SourceTitle "CB03_2024"]
[SourceDate "2024.01.17"]
[SourceVersion "1"]
[SourceVersionDate "2024.01.17"]
[SourceQuality "1"]
[WhiteTeam "Hamburger SK"]
[BlackTeam "Altenberg"]
[WhiteTeamCountry "GER"]
[BlackTeamCountry "GER"]

1. e4 c5 2. Nf3 Nc6 3. d4 cxd4 4. Nxd4 g6 5. Nc3 Bg7 6. Be3 Nf6 7. f3 0-0 8. Qd2 d5 9. exd5 Nxd5 10. Nxc6 bxc6 11. Bh6 Bxh6 12. Qxh6 Nxc3 13. bxc3 Qa5 14. Qe3 Bf5 15. Bd3 Qxc3+ 16. Kf2 Rfd8 17. Rhd1 Bxd3 18. cxd3 Rab8 19. Rac1 Rb2+ 20. Kg1 Qf6 21. Qxa7 Qg5 22. g3 Qh5 23. Qe3 Qxh2+ 24. Kf1 Qg2+ 25. Ke1 Qh1+ 26. Qg1 Qxg1# 0-1

[Event "GER-ch U14 Girls"]
[Site "Willingen"]
[Date "2023.06.03"]
[Round "9"]
[White "Mueller, Cosima"]
[Black "Oellrich, Emma"]
[Result "1-0"]
[WhiteElo "1521"]
[BlackElo "1525"]
[PlyCount "59"]
[EventDate "2023.05.27"]
[EventType "swiss"]
[EventRounds "9"]
[EventCountry "GER"]
[SourceTitle "CBM 214 Extra"]
[Source "ChessBase"]
[SourceDate "2023.07.31"]
[SourceVersion "1"]
[SourceVersionDate "2023.07.31"]
[SourceQuality "1"]

1. e4 e6 2. d4 d5 3. Nc3 Nf6 4. e5 Nfd7 5. Nce2 c5 6. c3 Nc6 7. f4 Be7 8. Nf3 0-0 9. a3 f6 10. Be3 Qb6 11. Qc1 Na5 12. Qc2 Nc4 13. Bc1 cxd4 14. cxd4 fxe5 15. fxe5 Nb8 16. Ng3 Na5 17. b4 Nac6 18. Bb2 Bd7 19. Bd3 h6 20. Nh5 Be8 21. Bh7+ Kh8 22. Bg6 Qd8 23. 0-0 Rg8 24. Nf4 Qd7 25. Bxe8 Rxe8 26. Qg6 Bf8 27. Ng5 hxg5 28. Qh5+ Kg8 29. Ng6 Nxd4 30. Qh8# 1-0

[Event "GER-ch U14 Girls"]
[Site "Willingen"]
[Date "2023.05.29"]
[Round "3"]
[White "Moldovan, Tatiana"]
[Black "Mueller, Cosima"]
[Result "1-0"]
[WhiteElo "1405"]
[BlackElo "1521"]
[PlyCount "55"]
[EventDate "2023.05.27"]
[EventType "swiss"]
[EventRounds "9"]
[EventCountry "GER"]
[SourceTitle "CBM 214 Extra"]
[Source "ChessBase"]
[SourceDate "2023.07.31"]
[SourceVersion "1"]
[SourceVersionDate "2023.07.31"]
[SourceQuality "1"]

1. e4 c5 2. Nc3 Nc6 3. Bb5 Nd4 4. Nf3 a6 5. Be2 e6 6. d3 g6 7. 0-0 Bg7 8. Nxd4 cxd4 9. Nb1 Ne7 10. Nd2 0-0 11. f4 d6 12. b3 f5 13. Ba3 fxe4 14. Nxe4 Nf5 15. Qd2 Rf7 16. Bg4 Ne3 17. Nxd6 Rc7 18. Bd1 Nxf1 19. Kxf1 Bf8 20. Nc4 Bxa3 21. Nxa3 Rf7 22. Kg1 Qf8 23. Nc4 Rxf4 24. Bf3 Rb8 25. Re1 Rf5 26. Bg4 Rf2 27. Qxf2 Qxf2+ 28. Kxf2 1-0

[Event "GER-ch U14 Girls"]
[Site "Willingen"]
[Date "2023.05.28"]
[Round "1"]
[White "Mueller, Cosima"]
[Black "Chandrasekher, Ritu"]
[Result "1-0"]
[WhiteElo "1521"]
[BlackElo "1268"]
[PlyCount "115"]
[EventDate "2023.05.27"]
[EventType "swiss"]
[EventRounds "9"]
[EventCountry "GER"]
[SourceTitle "CBM 214 Extra"]
[Source "ChessBase"]
[SourceDate "2023.07.31"]
[SourceVersion "1"]
[SourceVersionDate "2023.07.31"]
[SourceQuality "1"]

1. e4 c6 2. d4 d5 3. exd5 cxd5 4. Bd3 Nc6 5. c3 Nf6 6. Bf4 Bg4 7. Qb3 Qc8 8. Nd2 e6 9. Ngf3 Be7 10. 0-0 0-0 11. Rae1 Nh5 12. Be3 Nf6 13. Qc2 Qc7 14. Bg5 h6 15. Bh4 Rac8 16. Bg3 Qb6 17. Qb1 Nh5 18. Be5 Nf6 19. Bf4 Rfe8 20. h3 Bh5 21. Ne5 Bd6 22. g4 Bxe5 23. dxe5 Nxg4 24. hxg4 Bxg4 25. Re3 Qd8 26. Nf3 d4 27. cxd4 Nxd4 28. Nxd4 Qxd4 29. Bh7+ Kh8 30. Qe4 Qxe4 31. Bxe4 Rc4 32. f3 Bh3 33. Rd1 f5 34. exf6 gxf6 35. Kh2 e5 36. Bxh6 Be6 37. Red3 Rc2+ 38. R1d2 Rcc8 39. Bxb7 Rb8 40. Bd5 Bf5 41. Be4 Be6 42. Ra3 Rbc8 43. Rxa7 f5 44. Bc2 Rc4 45. Bg5 Rf8 46. Rg2 Rd4 47. Re7 Rd6 48. Kg1 Bf7 49. Ra7 Rg6 50. Bxf5 Rc6 51. Rh2+ Kg8 52. Rh7 Rd6 53. Bh6 Rxh6 54. Rxh6 Kg7 55. Rb6 Rg8 56. Rg6+ Kf8 57. Ra8+ Ke7 58. Rgxg8 1-0

[Event "GER-chT U16 Girls"]
[Site "Neumuenster"]
[Date "2022.12.30"]
[Round "7"]
[White "Mueller, Cosima"]
[Black "Czaeczine, Paula"]
[Result "1-0"]
[WhiteElo "1600"]
[BlackElo "1334"]
[PlyCount "67"]
[EventDate "2022.12.26"]
[EventType "team-swiss"]
[EventRounds "7"]
[EventCountry "GER"]
[SourceTitle "CBM 212 Extra"]
[Source "ChessBase"]
[SourceDate "2023.03.31"]
[SourceVersion "1"]
[SourceVersionDate "2023.03.31"]
[SourceQuality "1"]
[WhiteTeam "Altenberg"]
[BlackTeam "Chemnitz Aufbau"]
[WhiteTeamCountry "GER"]
[BlackTeamCountry "GER"]

1. e4 e5 2. Nf3 Nc6 3. Bc4 Nf6 4. Ng5 d5 5. exd5 Na5 6. Bb5+ c6 7. dxc6 bxc6 8. Bd3 Nd5 9. Nf3 Bd6 10. 0-0 Nf4 11. Nc3 Nxd3 12. cxd3 0-0 13. b3 c5 14. Qc2 Bb7 15. Ne4 Re8 16. Qd1 Re6 17. Ba3 Rh6 18. Rc1 Rc8 19. Re1 Ba6 20. Nxd6 Qxd6 21. Rxe5 Nb7 22. d4 Qd7 23. dxc5 Rhc6 24. d4 f6 25. Re3 Rd8 26. Qe1 Qd5 27. Re8+ Kf7 28. Qe7+ Kg6 29. Re1 Rcc8 30. Nh4+ Kh6 31. Bc1+ Kh5 32. Qxg7 Bd3 33. Qh6+ Kg4 34. h3# 1-0

[Event "GER-chT U16 Girls"]
[Site "Neumuenster"]
[Date "2022.12.28"]
[Round "4"]
[White "Mueller, Cosima"]
[Black "Modali, Nikhilamrutha"]
[Result "1-0"]
[WhiteElo "1600"]
[BlackElo "1344"]
[PlyCount "69"]
[EventDate "2022.12.26"]
[EventType "team-swiss"]
[EventRounds "7"]
[EventCountry "GER"]
[SourceTitle "CBM 212 Extra"]
[Source "ChessBase"]
[SourceDate "2023.03.31"]
[SourceVersion "1"]
[SourceVersionDate "2023.03.31"]
[SourceQuality "1"]
[WhiteTeam "Altenberg"]
[BlackTeam "Hamburger SK"]
[WhiteTeamCountry "GER"]
[BlackTeamCountry "GER"]

1. e4 c5 2. Nf3 e6 3. d4 cxd4 4. Nxd4 Nc6 5. Nc3 a6 6. Nxc6 bxc6 7. Bd3 Qc7 8. 0-0 d5 9. Re1 Bd6 10. h3 Nf6 11. Bg5 e5 12. Bxf6 gxf6 13. exd5 Rg8 14. Qf3 Bd7 15. dxc6 Bxc6 16. Be4 Bxe4 17. Qxe4 Qa7 18. Qc6+ Ke7 19. Nd5+ Ke6 20. Nf4+ Ke7 21. Rad1 Rad8 22. Nd5+ Ke6 23. Qc4 f5 24. Nb4+ Kf6 25. Nc6 Qa8 26. Qd5 Bb4 27. Qxe5+ Kg5 28. Nxd8 Bxe1 29. Qg3+ Kf6 30. Qxg8 Bxf2+ 31. Kh1 Qb8 32. Qxf7+ Kg5 33. Ne6+ Kh4 34. Qf6+ Kg3 35. Qg5# 1-0

[Event "GER-chT U16 Girls"]
[Site "Neumuenster"]
[Date "2022.12.27"]
[Round "2"]
[White "Mueller, Cosima"]
[Black "Alferova, Emily"]
[Result "1-0"]
[WhiteElo "1600"]
[BlackElo "1718"]
[PlyCount "99"]
[EventDate "2022.12.26"]
[EventType "team-swiss"]
[EventRounds "7"]
[EventCountry "GER"]
[SourceTitle "CBM 212 Extra"]
[Source "ChessBase"]
[SourceDate "2023.03.31"]
[SourceVersion "1"]
[SourceVersionDate "2023.03.31"]
[SourceQuality "1"]
[WhiteTeam "Altenberg"]
[BlackTeam "Garching"]
[WhiteTeamCountry "GER"]
[BlackTeamCountry "GER"]

1. e4 e5 2. Nf3 Nc6 3. Bc4 Bc5 4. b4 Bxb4 5. c3 Ba5 6. d4 d6 7. Qb3 Qd7 8. dxe5 Bb6 9. Nbd2 Na5 10. Qc2 Nxc4 11. Nxc4 Qc6 12. Nxb6 axb6 13. 0-0 dxe5 14. Nxe5 Qe6 15. Nf3 Ne7 16. Bf4 Qc4 17. Ne5 Qc5 18. Nd3 Qc4 19. Ne5 Qc5 20. Qd3 Ra3 21. Qg3 0-0 22. Nd3 Qc4 23. Bxc7 f6 24. Bd6 Rxc3 25. Bxe7 Rxd3 26. Rac1 Qxe4 27. Rfe1 Qf5 28. Qc7 Re8 29. Qc4+ Qd5 30. Qc7 Be6 31. Bb4 Rc8 32. Qe7 Qd7 33. Rxc8+ Qxc8 34. Qxe6+ Qxe6 35. Rxe6 Rd4 36. a3 Rd1+ 37. Re1 Rxe1+ 38. Bxe1 Kf7 39. f3 Ke6 40. Kf2 Kd5 41. Ke3 g5 42. Bc3 f5 43. Bf6 h6 44. g4 f4+ 45. Kd3 Ke6 46. Bg7 h5 47. gxh5 Kf5 48. h6 Kg6 49. h3 b5 50. Kd4 1-0

[Event "GER-chT U12 Girls"]
[Site "Willingen"]
[Date "2022.08.14"]
[Round "4.1"]
[White "Mueller, Cosima"]
[Black "Mehner, Clara"]
[Result "1-0"]
[WhiteElo "1355"]
[BlackElo "1150"]
[PlyCount "93"]
[EventDate "2022.08.13"]
[EventType "team-swiss"]
[EventRounds "7"]
[EventCountry "GER"]
[SourceTitle "EXT 2023"]
[Source "ChessBase"]
[SourceDate "2022.10.05"]
[SourceVersion "1"]
[SourceVersionDate "2022.10.05"]
[SourceQuality "1"]
[WhiteTeam "Altenberg"]
[BlackTeam "Chemnitz USG"]
[WhiteTeamCountry "GER"]
[BlackTeamCountry "GER"]

1. e4 e6 2. d4 d5 3. Nc3 Nf6 4. e5 Nfd7 5. Nce2 c5 6. c3 Nc6 7. f4 Be7 8. Nf3 0-0 9. a3 c4 10. Ng3 Qb6 11. Nd2 f5 12. h4 Qd8 13. Nf3 Nb6 14. Nh5 Qe8 15. Ng3 Qg6 16. Rh3 Qg4 17. Be2 h6 18. Ng5 Qxh3 19. Nxh3 Bxh4 20. Bh5 Bxg3+ 21. Kf1 Bd7 22. Bg6 Ne7 23. Qh5 Nxg6 24. Qxg6 Bh4 25. Bd2 Na4 26. Rb1 b5 27. g4 fxg4 28. Qxg4 Be7 29. Ke2 Rf5 30. Rg1 Bf8 31. Qg6 Nxb2 32. Qxh6 Nd3 33. Qg6 Be8 34. Qxe6+ Rf7 35. Ng5 Rd8 36. Qg6 Bxa3 37. Nxf7 Bf8 38. Qg5 Rd7 39. Nd6 a6 40. Nxe8 Rf7 41. Nf6+ Rxf6 42. exf6 Kf7 43. fxg7 Bxg7 44. Qxg7+ Ke8 45. Qh7 Nxf4+ 46. Bxf4 Kf8 47. Rg8# 1-0

[Event "GER-ch U14 Girls"]
[Site "Willingen"]
[Date "2022.06.10"]
[Round "8"]
[White "Bezsonna, Polina"]
[Black "Mueller, Cosima"]
[Result "1-0"]
[WhiteElo "1511"]
[BlackElo "1389"]
[PlyCount "73"]
[EventDate "2022.06.04"]
[EventType "swiss"]
[EventRounds "9"]
[EventCountry "GER"]
[SourceTitle "CBM 208 Extra"]
[Source "ChessBase"]
[SourceDate "2022.07.31"]
[SourceVersion "1"]
[SourceVersionDate "2022.07.31"]
[SourceQuality "1"]

1. e4 c5 2. Nf3 Nc6 3. d4 cxd4 4. Nxd4 g6 5. Nc3 Bg7 6. Be3 Nf6 7. Bc4 0-0 8. Bb3 d6 9. f3 Bd7 10. Qd2 Rc8 11. 0-0-0 Ne5 12. h4 h5 13. Bh6 Nc4 14. Bxc4 Rxc4 15. Bxg7 Kxg7 16. g4 Qa5 17. Nb3 Qb6 18. e5 dxe5 19. g5 Ba4 20. gxf6+ exf6 21. Nxa4 Rxa4 22. Kb1 Rc8 23. Rh2 a5 24. a3 Rac4 25. Qxa5 Qc6 26. Rc1 Qxf3 27. Nd2 Qf4 28. Nxc4 Qxh2 29. Nd6 Rf8 30. Qb4 b6 31. Qxb6 Qxh4 32. c4 e4 33. Qe3 f5 34. c5 Qf6 35. Qc3 Ra8 36. Nxf5+ gxf5 37. Rg1+ 1-0

[Event "GER-ch U14 Girls"]
[Site "Willingen"]
[Date "2022.06.07"]
[Round "4"]
[White "Mueller, Cosima"]
[Black "Margaryan, Sofia"]
[Result "1-0"]
[WhiteElo "1389"]
[BlackElo "1181"]
[PlyCount "99"]
[EventDate "2022.06.04"]
[EventType "swiss"]
[EventRounds "9"]
[EventCountry "GER"]
[SourceTitle "CBM 208 Extra"]
[Source "ChessBase"]
[SourceDate "2022.07.31"]
[SourceVersion "1"]
[SourceVersionDate "2022.07.31"]
[SourceQuality "1"]

1. e4 c5 2. Nf3 e6 3. d4 cxd4 4. Nxd4 a6 5. c4 d5 6. cxd5 exd5 7. Nc3 Bb4 8. Qa4+ Nc6 9. Nxc6 bxc6 10. Qxb4 Ne7 11. exd5 cxd5 12. Qa4+ Bd7 13. Qd4 0-0 14. Nxd5 Nxd5 15. Qxd5 Re8+ 16. Be3 Qc7 17. Be2 Bc6 18. Qc5 Qb7 19. f3 Rac8 20. Qd4 Re7 21. Rd1 h6 22. 0-0 Rce8 23. Rd3 Bb5 24. Rb3 Qc6 25. Bxb5 axb5 26. Rc1 Qg6 27. Bf2 Re5 28. Bg3 Rf5 29. Qd7 Re2 30. Rxb5 Rf4 31. Kf1 Rc2 32. Rxc2 Rxf3+ 33. gxf3 Qxc2 34. Qe8+ Kh7 35. Qe4+ Qxe4 36. fxe4 g6 37. a4 f5 38. exf5 gxf5 39. Rxf5 Kg6 40. Re5 h5 41. a5 Kf6 42. a6 h4 43. Bf4 h3 44. a7 Kg7 45. a8Q Kg6 46. Qc6+ Kf7 47. Qe6+ Kg7 48. Rg5+ Kh7 49. Qg6+ Kh8 50. Be5# 1-0

[Event "GER-ch U14 Girls"]
[Site "Willingen"]
[Date "2022.06.05"]
[Round "1"]
[White "Mueller, Cosima"]
[Black "Braeutigam, Katerina"]
[Result "0-1"]
[WhiteElo "1389"]
[BlackElo "1797"]
[PlyCount "92"]
[EventDate "2022.06.04"]
[EventType "swiss"]
[EventRounds "9"]
[EventCountry "GER"]
[SourceTitle "CBM 208 Extra"]
[Source "ChessBase"]
[SourceDate "2022.07.31"]
[SourceVersion "1"]
[SourceVersionDate "2022.07.31"]
[SourceQuality "1"]

1. e4 c6 2. d4 d5 3. exd5 cxd5 4. Bd3 Nc6 5. c3 Nf6 6. h3 g6 7. Bg5 Bg7 8. Nf3 Bf5 9. Bxf5 gxf5 10. Nbd2 Qc7 11. Qe2 Rc8 12. Nh4 Qd7 13. Qf3 e6 14. Qe2 Qe7 15. Ndf3 h6 16. Bf4 Ne4 17. g4 fxg4 18. hxg4 Qf6 19. Be5 Nxe5 20. Nxe5 a6 21. f3 Ng3 22. Qg2 Nxh1 23. Qxh1 h5 24. Ng2 hxg4 25. Qf1 gxf3 26. Nxf3 Qf5 27. Rd1 Qc2 28. Ng5 Rf8 29. Rd2 Qc1+ 30. Ke2 Qxf1+ 31. Kxf1 Bh6 32. Nf3 Bxd2 33. Nxd2 f6 34. Nf4 Kd7 35. Nb3 b6 36. a4 Kd6 37. a5 e5 38. Ng6 Rg8 39. Nh4 bxa5 40. Nc5 Rxc5 41. dxc5+ Kxc5 42. Nf5 Rb8 43. Ne3 Rxb2 44. Ke1 d4 45. cxd4+ Kxd4 46. Nf5+ Kd3 0-1

[Event "GER-chT Lands U20"]
[Site "Neumuenster"]
[Date "2021.10.06"]
[Round "7.3"]
[White "Haug, Mara"]
[Black "Mueller, Cosima"]
[Result "0-1"]
[WhiteElo "1326"]
[BlackElo "1373"]
[PlyCount "110"]
[EventDate "2021.10.01"]
[EventType "team-swiss"]
[EventRounds "7"]
[EventCountry "GER"]
[SourceTitle "CBM 204 Extra"]
[Source "ChessBase"]
[SourceDate "2021.11.30"]
[SourceVersion "1"]
[SourceVersionDate "2021.11.30"]
[SourceQuality "1"]
[WhiteTeam "Baden"]
[BlackTeam "Sachsen"]
[WhiteTeamCountry "GER"]
[BlackTeamCountry "GER"]

1. e4 e6 2. d4 d5 3. Nd2 Nf6 4. e5 Nfd7 5. Bd3 c5 6. c3 Nc6 7. Ndf3 Qb6 8. Ne2 cxd4 9. cxd4 Bb4+ 10. Bd2 Be7 11. Bc3 0-0 12. 0-0 f6 13. Bc2 fxe5 14. dxe5 Rf7 15. a3 Qc7 16. Qd3 Nf8 17. Ng3 Bd7 18. Rfe1 Rc8 19. Rac1 Qd8 20. Ne2 Bg5 21. Nxg5 Qxg5 22. f4 Qh6 23. Bd2 Qh5 24. Ng3 Qh4 25. Qe3 d4 26. Qf2 Qg4 27. Bd1 Qh4 28. Bc2 Qg4 29. Re4 Qh4 30. Ne2 Qxf2+ 31. Kxf2 Ng6 32. Kg1 Nce7 33. Rxd4 Bb5 34. Nc3 a6 35. Bb3 Nf5 36. Rb4 Re7 37. Nxb5 Rxc1+ 38. Bxc1 axb5 39. Rxb5 Nd4 40. Rb6 Ne2+ 41. Kf2 Nxc1 42. Bxe6+ Kf8 43. Ke3 Ke8 44. Bc4 Rc7 45. Rb4 Ke7 46. g3 Kd8 47. Kd2 Ne7 48. Bb5 Nd5 49. Rd4 Nb3+ 50. Kd3 Nxd4 51. Kxd4 Ne7 52. g4 b6 53. f5 Rc5 54. Bc4 Nc6+ 55. Kc3 Nxe5 0-1

[Event "GER-ch U12 Girls"]
[Site "Willingen"]
[Date "2021.08.25"]
[Round "4"]
[White "Neininger, Sarah"]
[Black "Mueller, Cosima"]
[Result "0-1"]
[WhiteElo "1434"]
[BlackElo "1389"]
[PlyCount "82"]
[EventDate "2021.08.22"]
[EventType "swiss"]
[EventRounds "9"]
[EventCountry "GER"]
[SourceTitle "EXT 2022"]
[Source "ChessBase"]
[SourceDate "2021.10.06"]
[SourceVersion "1"]
[SourceVersionDate "2021.10.06"]
[SourceQuality "1"]

1. e4 c5 2. Nf3 d6 3. d4 cxd4 4. Nxd4 Nf6 5. Nc3 g6 6. Be3 Bg7 7. Qd2 Ng4 8. Bc4 Nxe3 9. Qxe3 0-0 10. 0-0-0 Nc6 11. Nf3 Bg4 12. Kb1 Qc7 13. Rhe1 Nb4 14. Bb3 Rfc8 15. Nd5 Nxd5 16. exd5 Bf6 17. c3 b5 18. Rc1 a5 19. a4 bxa4 20. Bxa4 Qc4 21. Bc6 Rab8 22. Nd4 Bxd4 23. cxd4 Qb4 24. Qc3 Bf5+ 25. Ka1 e6 26. Qxb4 Rxb4 27. Rc3 Rxd4 28. Bb7 Rb8 29. Bc6 exd5 30. Ra3 Rb6 31. Ba8 Rbb4 32. b3 Bc2 33. Rxa5 Bxb3 34. Re8+ Kg7 35. Rd8 Ra4+ 36. Rxa4 Rxa4+ 37. Kb2 Bc4 38. Rxd6 Rxa8 39. Kc3 Ra2 40. g4 Rxf2 41. h4 Rf4 0-1

[Event "GER-chT U14 Girls"]
[Site "Willingen"]
[Date "2021.06.26"]
[Round "6.1"]
[White "Schulz, Hannah"]
[Black "Mueller, Cosima"]
[Result "1-0"]
[WhiteElo "1539"]
[BlackElo "1505"]
[PlyCount "89"]
[EventDate "2021.06.23"]
[EventType "team-swiss"]
[EventRounds "7"]
[EventCountry "GER"]
[SourceTitle "EXT 2022"]
[Source "ChessBase"]
[SourceDate "2021.10.06"]
[SourceVersion "1"]
[SourceVersionDate "2021.10.06"]
[SourceQuality "1"]
[WhiteTeam "Karlsruhe SF"]
[BlackTeam "Altenberg"]
[WhiteTeamCountry "GER"]
[BlackTeamCountry "GER"]

1. e4 c5 2. Nf3 d6 3. d4 cxd4 4. Qxd4 Nc6 5. Qe3 Nf6 6. Be2 g6 7. 0-0 Bg7 8. h3 0-0 9. Rd1 Qc7 10. c4 Be6 11. Nc3 Nb4 12. Nb5 Qc5 13. Qxc5 dxc5 14. Nc7 Rac8 15. Nxe6 fxe6 16. e5 Nh5 17. Rd7 Nc2 18. Rb1 Nd4 19. Nxd4 cxd4 20. Bxh5 gxh5 21. Rxd4 Bxe5 22. Re4 Bd6 23. b3 Rc6 24. Be3 Ra6 25. a4 Bb4 26. Rd1 Bd6 27. Kf1 e5 28. c5 Bb8 29. Rd7 Re6 30. Rxb7 Re8 31. b4 Ra6 32. b5 Re6 33. c6 Bd6 34. Rxa7 Kf7 35. c7 Kf6 36. Rc4 Rc8 37. b6 Kf7 38. a5 Rg6 39. a6 Rgg8 40. Rb7 Ra8 41. a7 Rgc8 42. Rb8 Rcxb8 43. axb8Q Rxb8 44. cxb8Q Bxb8 45. Rc8 1-0

[Event "GER-ch Net Amateur Gr-C Final"]
[Site "Playchess.com INT"]
[Date "2020.04.18"]
[Round "8"]
[White "Mueller, Cosima"]
[Black "Wartenberg, Alexander"]
[Result "0-1"]
[WhiteElo "1427"]
[BlackElo "1511"]
[PlyCount "42"]
[EventDate "2020.04.18"]
[EventType "swiss (blitz)"]
[EventRounds "13"]
[EventCountry "GER"]
[SourceTitle "CBM 195 Extra"]
[Source "ChessBase"]
[SourceDate "2020.05.31"]
[SourceVersion "1"]
[SourceVersionDate "2020.05.31"]
[SourceQuality "1"]

1. e4 e5 2. Nf3 Nc6 3. Bc4 Nf6 4. Ng5 Bc5 5. Nxf7 Bxf2+ 6. Kf1 d5 7. Nxd8 Bg4 8. Be2 Bxe2+ 9. Qxe2 0-0 10. Nxc6 bxc6 11. exd5 Nxd5 12. g3 Bxg3+ 13. Kg2 Nf4+ 14. Kxg3 Nxe2+ 15. Kh4 Rf4+ 16. Kh3 Raf8 17. Nc3 Rf3+ 18. Kg4 R8f4+ 19. Kh5 g6+ 20. Kh6 Rh3+ 21. Kg5 Rh5# 0-1

[Event "GER-ch Net Amateur Gr-C Vor3"]
[Site "Playchess.com INT"]
[Date "2020.04.16"]
[Round "7"]
[White "Fock, Madiha"]
[Black "Mueller, Cosima"]
[Result "1-0"]
[WhiteElo "1806"]
[BlackElo "1440"]
[PlyCount "63"]
[EventDate "2020.04.16"]
[EventType "swiss (blitz)"]
[EventRounds "9"]
[EventCountry "GER"]
[SourceTitle "CBM 195 Extra"]
[Source "ChessBase"]
[SourceDate "2020.05.31"]
[SourceVersion "1"]
[SourceVersionDate "2020.05.31"]
[SourceQuality "1"]

1. e4 c5 2. Nf3 d6 3. d4 cxd4 4. Nxd4 Nf6 5. Nc3 Nc6 6. Nb3 g6 7. f3 Bg7 8. Be3 0-0 9. Qd2 Re8 10. Bd3 Be6 11. 0-0 Rc8 12. Bh6 Nb4 13. Bxg7 Kxg7 14. Rac1 Qb6+ 15. Kh1 Nxd3 16. Qxd3 d5 17. exd5 Bf5 18. Qe2 Red8 19. Na4 Qd6 20. c4 e6 21. Nd4 Qa6 22. Nxf5+ gxf5 23. b3 exd5 24. Qe5 dxc4 25. Qxf5 cxb3 26. Qg5+ Kh8 27. axb3 Nd7 28. Rfd1 Qa5 29. Qxa5 b6 30. Qg5 Rxc1 31. Qxd8+ Kg7 32. Rxc1 1-0

[Event "GER-ch Net Amateur Gr-C Vor3"]
[Site "Playchess.com INT"]
[Date "2020.04.16"]
[Round "9"]
[White "Mueller, Cosima"]
[Black "Kullmann, Max"]
[Result "0-1"]
[WhiteElo "1440"]
[BlackElo "1537"]
[PlyCount "79"]
[EventDate "2020.04.16"]
[EventType "swiss (blitz)"]
[EventRounds "9"]
[EventCountry "GER"]
[SourceTitle "CBM 195 Extra"]
[Source "ChessBase"]
[SourceDate "2020.05.31"]
[SourceVersion "1"]
[SourceVersionDate "2020.05.31"]
[SourceQuality "1"]

1. e4 d5 2. d3 dxe4 3. dxe4 Qxd1+ 4. Kxd1 Nc6 5. Nc3 Bd7 6. Bd2 Nf6 7. Nf3 e6 8. Bc4 Bc5 9. Ke2 Nd4+ 10. Nxd4 Bxd4 11. Rhe1 0-0-0 12. Kf1 Ng4 13. Be3 Nxe3+ 14. fxe3 Bxc3 15. bxc3 e5 16. Kg1 g5 17. Bxf7 h5 18. Rab1 h4 19. Bd5 c6 20. Bc4 g4 21. Be2 g3 22. h3 Rhf8 23. Rb4 Be6 24. a3 Rf2 25. Bc4 Bxc4 26. Rxc4 Rdf8 27. Rb1 Rxc2 28. Rcb4 Rf7 29. Ra4 Rd7 30. Rxa7 Rcd2 31. Kf1 Rd1+ 32. Rxd1 Rxd1+ 33. Ke2 Ra1 34. Ra8+ Kc7 35. a4 Ra2+ 36. Kf3 Rf2+ 37. Kg4 Rxg2 38. Rf8 Rf2 39. Rxf2 gxf2 40. Kxh4 0-1

[Event "GER-ch Net Amateur Gr-C Vor2"]
[Site "Playchess.com INT"]
[Date "2020.04.15"]
[Round "3"]
[White "Klees, Robert"]
[Black "Mueller, Cosima"]
[Result "0-1"]
[WhiteElo "1169"]
[BlackElo "1352"]
[PlyCount "70"]
[EventDate "2020.04.15"]
[EventType "swiss (blitz)"]
[EventRounds "9"]
[EventCountry "GER"]
[SourceTitle "CBM 196 Extra"]
[Source "ChessBase"]
[SourceDate "2020.07.31"]
[SourceVersion "1"]
[SourceVersionDate "2020.07.31"]
[SourceQuality "1"]

1. d4 Nf6 2. c4 c5 3. d5 b5 4. Nc3 bxc4 5. e4 e6 6. dxe6 fxe6 7. Bxc4 Nc6 8. Bg5 Be7 9. Nf3 Bb7 10. e5 Ng4 11. Bxe7 Qxe7 12. Qe2 0-0 13. h3 Nh6 14. 0-0-0 Nb4 15. Kb1 Rab8 16. a3 Nc6 17. Qc2 Na5 18. Bd3 Bxf3 19. gxf3 Rxf3 20. Bxh7+ Kh8 21. Be4 Rff8 22. Rd6 Qh4 23. f3 Nc4 24. Rxd7 Nf5 25. Rxa7 Nfe3 26. Qd3 Rxb2+ 27. Ka1 Nc2+ 28. Qxc2 Rxc2 29. Bxc2 Qf2 30. Ne4 Qxc2 31. Rb1 Qe2 32. Ng5 Qe3 33. Nf7+ Rxf7 34. Rxf7 Qc3+ 35. Ka2 Qxa3# 0-1

[Event "GER-ch Net Amateur Gr-C Vor2"]
[Site "Playchess.com INT"]
[Date "2020.04.15"]
[Round "8"]
[White "Mueller, Cosima"]
[Black "Stein, Theodor"]
[Result "0-1"]
[WhiteElo "1409"]
[BlackElo "1619"]
[PlyCount "62"]
[EventDate "2020.04.15"]
[EventType "swiss (blitz)"]
[EventRounds "9"]
[EventCountry "GER"]
[SourceTitle "CBM 196 Extra"]
[Source "ChessBase"]
[SourceDate "2020.07.31"]
[SourceVersion "1"]
[SourceVersionDate "2020.07.31"]
[SourceQuality "1"]

1. e4 e5 2. Nf3 Nc6 3. Bc4 Nf6 4. Ng5 d5 5. exd5 Na5 6. Bd3 Nxd5 7. c4 Qxg5 8. cxd5 Qxg2 9. Qa4+ Bd7 10. Qe4 Qxe4+ 11. Bxe4 0-0-0 12. Nc3 Bb4 13. a3 Bxc3 14. dxc3 Nc4 15. Bg5 f6 16. Be3 Nxe3 17. fxe3 f5 18. Bg2 Rhe8 19. Rf1 f4 20. exf4 exf4+ 21. Kd2 g5 22. h4 Bb5 23. Rf2 h6 24. hxg5 hxg5 25. Bh3+ Kb8 26. Rg1 Rxd5+ 27. Kc1 Ba4 28. Bg2 Rd3 29. Bh3 Rxh3 30. Rxg5 Rh1+ 31. Kd2 Rd1# 0-1